ნორმალური ფორმატი
MARC ფორმატი
ჩანაწერი Corporate Name
ჩანაწერთა რაოდენობა, რომელიც გამოყენებულია: 1
001 - CONTROL NUMBER
- control field: 11618
003 - CONTROL NUMBER IDENTIFIER
- control field: GE_BSU
005 - DATE AND TIME OF LATEST TRANSACTION
- control field: 20210426141804.0
008 - FIXED-LENGTH DATA ELEMENTS
- fixed length control field: 210426|| aca||aabn | a|a d
040 ## - CATALOGING SOURCE
- Original cataloging agency: GE_BSU
- Transcribing agency: GE_BSU
110 ## - HEADING--CORPORATE NAME
- Corporate name or jurisdiction name as entry element: ბათუმის შოთა რუსთაველის სახ-ფო უნ-ტი.
670 ## - SOURCE DATA FOUND
- Source citation: Work cat.: (GE_BSU)51682: გუჩმანიძე, არჩილ 11617, საქართველოს შავი ზღვის სანაპიროს ზუთხისებრი, გენეზისი,ტაქსონომიური შემადგენლობა, ბიოეკოლოგია, ოტოლითების აგებულება და კონსერვაცია /
